000 00334nam a22001457a 4500
008 230317b ||||| |||| 00| 0 eng d
020 _a9780766806306
041 _aeng
080 _2FIRST EDITION
_a610.73
082 _a610.73PIC
100 _a8
101 _aINF
245 _aDOSAGE CALCULATIONS
_cPICKAR .D.G
942 _2udc
_cBK
999 _c59374
_d59374